000 00399nam a2200169Ia 4500
008 180921t2015 xxu||||| |||| 00| 1 sin d
041 _asin
080 _aX8C31
_bPIG
100 _aPigera, Jagath S.
245 _aඋකුස්සෝ
246 _aUkusso
260 _bGodage
_aColombo
_c2015
300 _a264p., 21cm
942 _cBK
999 _c8797
_d8797
003 LK-CoDNM
040 _aLK-CoDNM
_dLK-CoDNM
_eLK-CoDNM